Normal view
MARC view
- مبارک علی،ڈاکڑ
Entry Personal Name
001 - CONTROL NUMBER
- control field: 121286
003 - CONTROL NUMBER IDENTIFIER
- control field: NUST
005 - DATE AND TIME OF LATEST TRANSACTION
- control field: 20240226095812.0
008 - FIXED-LENGTH DATA ELEMENTS
- fixed length control field: 240226|| aca||aabn | a|a d
040 ## - CATALOGING SOURCE
- Original cataloging agency: NUST
- Transcribing agency: NUST
100 ## - HEADING--PERSONAL NAME
- Personal name: مبارک علی،ڈاکڑ
670 ## - SOURCE DATA FOUND
- Source citation: Work cat.: (NUST): مبارک علی،ڈاکڑ, سندھ کی تاريح کياہے , 2015.
